000 00374nam a2200157Ia 4500
005 20241113022654.0
008 240331s9999 xx 000 0 und d
020 _a
082 _bMAN
_a823
100 _aManto,S.H
245 0 _aKingdom's end and other stories
260 _a New Delhi
_bPenguin Books
_c1989
300 _a257 p .,
650 _aShort Stories
942 _cL
999 _c3342
_d3342